| 000 | 00339nam a22001337a 4500 | ||
|---|---|---|---|
| 008 | 170608b xxu||||| |||| 00| 0 eng d | ||
| 020 | _a2900813343722 | ||
| 041 | _aeng | ||
| 080 | _a32 | ||
| 100 | _a18 | ||
| 101 | _aSHP | ||
| 245 |
_aINTERNATIONAL STUDIES/ AN INTERDICIPLINARY APPROACH TO GLOBAL ISSUES _cANDERSON, SH |
||
| 942 |
_2udc _cBK |
||
| 999 |
_c16510 _d16510 |
||